Statistics for 「南北線」の駅

Click here to take the quiz!

General Stats

  • This quiz has been taken 24 times
  • The average score is 32 of 283

Answer Stats

運営会社駅番号駅名% Correct
東京メトロN-19赤羽岩淵
84%
東京メトロN-01目黒
84%
東京メトロN-02白金台
84%
東京メトロN-03白金高輪
84%
東京メトロN-16王子
84%
東京メトロN-10飯田橋
79%
東京メトロN-17王子神谷
79%
札幌市N16真駒内
79%
札幌市N07大通
79%
札幌市N06さっぽろ
79%
仙台市N10仙台
74%
東京メトロN-04麻布十番
74%
東京メトロN-14駒込
74%
東京メトロN-06溜池山王
68%
東京メトロN-18志茂
68%
東京メトロN-07永田町
68%
東京メトロN-08四ツ谷
68%
東京メトロN-13本駒込
68%
東京メトロN-12東大前
68%
東京メトロN-11後楽園
68%
ベトナム国鉄-Vinh
68%
東京メトロN-05六本木一丁目
63%
東京メトロN-15西ケ原
63%
札幌市N15自衛隊前
63%
北大阪急行M08千里中央
63%
北大阪急行M11江坂
63%
神戸高速鉄道KB01新開地
63%
神戸高速鉄道KB02湊川
63%
仙台市N15長町
63%
東京メトロN-09市ケ谷
58%
北大阪急行M10緑地公園
58%
札幌市N01麻生
58%
北大阪急行M09桃山台
53%
仙台市N01泉中央
53%
札幌市N04北18条
53%
札幌市N03北24条
53%
札幌市N08すすきの
47%
仙台市N17富沢
47%
札幌市N05北12条
47%
札幌市N02北34条
47%
仙台市N06北仙台
42%
仙台市N09広瀬通
42%
仙台市N16長町南
42%
仙台市N08勾当台公園
37%
札幌市N12平岸
37%
仙台市N02八乙女
32%
札幌市N13南平岸
32%
札幌市N11中の島
26%
仙台市N07北四番丁
26%
札幌市N09中島公園
26%
仙台市N12愛宕橋
21%
仙台市N11五橋
21%
札幌市N10幌平橋
21%
仙台市N04旭ヶ丘
21%
仙台市N05台原
21%
札幌市N14澄川
21%
ベトナム国鉄-Hà Nội
21%
仙台市N03黒松
16%
仙台市N13河原町
16%
仙台市N14長町一丁目
16%
ベトナム国鉄-Huế
11%
SMRTNS27Marina Bay
11%
ベトナム国鉄-Sài Gòn
11%
SMRTNS25City Hall
5%
SMRTNS24Dhoby Ghaut
5%
ベトナム国鉄-Ninh Bình
5%
上海軌道交通-汶水路
0%
上海軌道交通-富锦路
0%
上海軌道交通-友谊西路
0%
上海軌道交通-宝安公路
0%
上海軌道交通-共富新村
0%
上海軌道交通-呼兰路
0%
上海軌道交通-通河新村
0%
上海軌道交通-共康路
0%
上海軌道交通-彭浦新村
0%
上海軌道交通-漕宝路
0%
上海軌道交通-上海马戏城
0%
上海軌道交通-衡山路
0%
上海軌道交通-莘庄
0%
上海軌道交通-上海南站
0%
上海軌道交通-莲花路
0%
上海軌道交通-上海体育馆
0%
上海軌道交通-徐家汇
0%
上海軌道交通-锦江乐园
0%
上海軌道交通-常熟路
0%
上海軌道交通-外环路
0%
上海軌道交通-陕西南路
0%
上海軌道交通-一大会址·黄陂南路
0%
上海軌道交通-人民广场
0%
上海軌道交通-新闸路
0%
上海軌道交通-汉中路
0%
上海軌道交通-上海火车站
0%
上海軌道交通-中山北路
0%
上海軌道交通-延长路
0%
SMRTNS10Admiralty
0%
SMRTNS16Ang Mo Kio
0%
ベトナム国鉄-An Mỹ
0%
ベトナム国鉄-Biên Hòa
0%
ベトナム国鉄-Bình Định
0%
ベトナム国鉄-Bình Lục
0%
ベトナム国鉄-Bình Sơn
0%
ベトナム国鉄-Bình Thuận
0%
ベトナム国鉄-Bình Triệu
0%
SMRTNS17Bishan
0%
ベトナム国鉄-Bỉm Sơn
0%
ベトナム国鉄-Bồng Sơn
0%
ベトナム国鉄-Bảo Chánh
0%
SMRTNS18Braddell
0%
SMRTNS2Bukit Batok
0%
SMRTNS3Bukit Gombak
0%
ベトナム国鉄-Cà Ná
0%
SMRTNS12Canberra
0%
ベトナム国鉄-Cà Rôm
0%
ベトナム国鉄-Cát Đằng
0%
ベトナム国鉄-Cây Cầy
0%
ベトナム国鉄-Châu Hanh
0%
ベトナム国鉄-Chí Thạnh
0%
SMRTNS4Choa Chu Kang
0%
ベトナム国鉄-Chợ Sy
0%
ベトナム国鉄-Chợ Tía
0%
ベトナム国鉄-Chu Lễ
0%
ベトナム国鉄-Cầu Giát
0%
ベトナム国鉄-Cầu Hai
0%
ベトナム国鉄-Cầu Họ
0%
ベトナム国鉄-Cầu Yên
0%
ベトナム国鉄-Đà Nẵng
0%
ベトナム国鉄-Đức Lạc
0%
ベトナム国鉄-Đức Phổ
0%
ベトナム国鉄-Dĩ An
0%
ベトナム国鉄-Diêm Phổ
0%
ベトナム国鉄-Diên Sanh
0%
ベトナム国鉄-Diêu Trì
0%
ベトナム国鉄-Đại Lãnh
0%
ベトナム国鉄-Đại Lộc
0%
ベトナム国鉄-Đồng Chuối
0%
ベトナム国鉄-Đồng Giao
0%
ベトナム国鉄-Đồng Hới
0%
ベトナム国鉄-Đồng Lê
0%
ベトナム国鉄-Đồng Văn
0%
ベトナム国鉄-Đặng Xá
0%
ベトナム国鉄-Đò Lèn
0%
ベトナム国鉄-Đông Hà
0%
ベトナム国鉄-Đông Tác
0%
ベトナム国鉄-Dầu Giây
0%
ベトナム国鉄-Ghềnh
0%
ベトナム国鉄-Giã
0%
ベトナム国鉄-Gia Huynh
0%
ベトナム国鉄-Giáp Bát
0%
ベトナム国鉄-Gia Ray
0%
ベトナム国鉄-Gò Vấp
0%
ベトナム国鉄-Hà Thanh
0%
ベトナム国鉄-Hiền Sỹ
0%
ベトナム国鉄-Hải Vân
0%
ベトナム国鉄-Hải Vân Bắc
0%
ベトナム国鉄-Hải Vân Nam
0%
ベトナム国鉄-Hố Nai
0%
ベトナム国鉄-Hòa Đa
0%
ベトナム国鉄-Hoà Duyệt
0%
ベトナム国鉄-Hòa Huỳnh
0%
ベトナム国鉄-Hoàng Mai
0%
ベトナム国鉄-Hoàn Lão
0%
ベトナム国鉄-Hòa Tân
0%
ベトナム国鉄-Hòa Trinh
0%
ベトナム国鉄-Hòa Vinh Tây
0%
ベトナム国鉄-Hảo Sơn
0%
ベトナム国鉄-Hương Phố
0%
ベトナム国鉄-Hương Thuỷ
0%
SMRTNS1Jurong East
0%
ベトナム国鉄-Khánh Phước
0%
SMRTNS14Khatib
0%
ベトナム国鉄-Khoa Trường
0%
ベトナム国鉄-Kim Liên
0%
ベトナム国鉄-Kim Lũ
0%
SMRTNS7Kranji
0%
ベトナム国鉄-La Hai
0%
ベトナム国鉄-La Khê
0%
ベトナム国鉄-Lăng Cô
0%
ベトナム国鉄-Lạc Sơn
0%
ベトナム国鉄-Lệ Kỳ
0%
ベトナム国鉄-Long Đại
0%
ベトナム国鉄-Long Khánh
0%
ベトナム国鉄-Long Thạnh
0%
ベトナム国鉄-Lệ Sơn
0%
ベトナム国鉄-Lệ Trạch
0%
ベトナム国鉄-Lương Sơn
0%
ベトナム国鉄-Ma Lâm
0%
SMRTNS28Marina South Pier
0%
SMRTNS8Marsiling
0%
ベトナム国鉄-Mộ Đức
0%
ベトナム国鉄-Minh Khôi
0%
ベトナム国鉄-Minh Lệ
0%
ベトナム国鉄-Mỹ Chánh
0%
ベトナム国鉄-Mỹ Đức
0%
ベトナム国鉄-Mỹ Lý
0%
ベトナム国鉄-Mỹ Trạch
0%
ベトナム国鉄-Nam Định
0%
SMRTNS21Newton
0%
ベトナム国鉄-Ngã Ba
0%
ベトナム国鉄-Ngân Sơn
0%
ベトナム国鉄-Nghĩa Trang
0%
ベトナム国鉄-Ngọc Lâm
0%
ベトナム国鉄-Nha Trang
0%
ベトナム国鉄-Ninh Hoà
0%
ベトナム国鉄-Nông Sơn
0%
SMRTNS20Novena
0%
ベトナム国鉄-Núi Gôi
0%
ベトナム国鉄-Núi Thành
0%
SMRTNS22Orchard
0%
ベトナム国鉄-Phan Thiết
0%
ベトナム国鉄-Phủ Lý
0%
ベトナム国鉄-Phong Thạnh
0%
ベトナム国鉄-Phò Trạch
0%
ベトナム国鉄-Phú Cang
0%
ベトナム国鉄-Phù Cát
0%
ベトナム国鉄-Phước Lãnh
0%
ベトナム国鉄-Phước Nhơn
0%
ベトナム国鉄-Phúc Tự
0%
ベトナム国鉄-Phúc Trạch
0%
ベトナム国鉄-Phú Hiệp
0%
ベトナム国鉄-Phú Hòa
0%
ベトナム国鉄-Phù Mỹ
0%
ベトナム国鉄-Phú Xuyên
0%
ベトナム国鉄-Quán Hành
0%
ベトナム国鉄-Quảng Ngãi
0%
ベトナム国鉄-Quảng Trị
0%
ベトナム国鉄-Quy Nhơn
0%
SMRTNS26Raffles Place
0%
ベトナム国鉄-Sa Huỳnh
0%
ベトナム国鉄-Sa Lung
0%
SMRTNS11Sembawang
0%
SMRTNS23Somerset
0%
ベトナム国鉄-Sông Dinh
0%
ベトナム国鉄-Sông Lòng Sông
0%
ベトナム国鉄-Sông Lũy
0%
ベトナム国鉄-Sông Mao
0%
ベトナム国鉄-Sông Phan
0%
ベトナム国鉄-Sóng Thần
0%
ベトナム国鉄-Suối Cát
0%
ベトナム国鉄-Suối Kiết
0%
ベトナム国鉄-Suối Vận
0%
SMRTNS6Sungei Kadut
0%
ベトナム国鉄-Tam Kỳ
0%
ベトナム国鉄-Tam Quan
0%
ベトナム国鉄-Tân Ấp
0%
ベトナム国鉄-Tân Vinh
0%
ベトナム国鉄-Thừa Lưu
0%
ベトナム国鉄-Thanh Hóa
0%
ベトナム国鉄-Thanh Khê
0%
ベトナム国鉄-Thanh Luyện
0%
ベトナム国鉄-Tháp Chàm
0%
ベトナム国鉄-Thạch Trụ
0%
ベトナム国鉄-Thị Long
0%
ベトナム国鉄-Thọ Lộc
0%
ベトナム国鉄-Thượng Lâm
0%
ベトナム国鉄-Thường Tín
0%
ベトナム国鉄-Thủy Trạch
0%
ベトナム国鉄-Tiên An
0%
SMRTNS19Toa Payoh
0%
ベトナム国鉄-Trà Kiệu
0%
ベトナム国鉄-Trị Bình
0%
ベトナム国鉄-Trình Xuyên
0%
ベトナム国鉄-Trảng Bom
0%
ベトナム国鉄-Trản Táo
0%
ベトナム国鉄-Truồi
0%
ベトナム国鉄-Trường Lâm
0%
ベトナム国鉄-Tu Bông
0%
ベトナム国鉄-Tuy Hòa
0%
ベトナム国鉄-Vân Canh
0%
ベトナム国鉄-Văn Điển
0%
ベトナム国鉄-Văn Trai
0%
ベトナム国鉄-Văn Xá
0%
ベトナム国鉄-Vĩnh Hảo
0%
ベトナム国鉄-Vạn Điểm
0%
ベトナム国鉄-Vạn Phú
0%
SMRTNS9Woodlands
0%
ベトナム国鉄-Yên Duệ
0%
ベトナム国鉄-Yên Lý
0%
ベトナム国鉄-Yên Thái
0%
ベトナム国鉄-Yên Trung
0%
ベトナム国鉄-Yên Xuân
0%
SMRTNS5Yew Tee
0%
SMRTNS15Yio Chu Kang
0%
SMRTNS13Yishun
0%

Score Distribution

Percentile by Number Answered

Percent of People with Each Score

Your Score History

You have not taken this quiz